| 000 | 00986cam a22002657a 4500 | ||
|---|---|---|---|
| 999 |
_c15810 _d15810 |
||
| 003 | EG-ScBUE | ||
| 005 | 20200114121007.0 | ||
| 008 | 110811s1995 ua f 000 0 ara d | ||
| 020 | _a9770146153 | ||
| 040 |
_aEG-ScBUE _bara _erda _cEG-ScBUE _dEG-ScBUE |
||
| 082 | 0 | 4 |
_a809.31 _bر ا ز _222 |
| 100 | 1 |
_aعبد الرازق، محمد محمود، _d1934- _eمؤلف. _926659 |
|
| 245 | 1 | 0 |
_aفن معايشة القصة القصيرة / _cمحمد محمود عبد الرازق. |
| 264 | 1 |
_a[القاهرة] : _bالهيئة المصرية العامة للكتاب، _c1995. |
|
| 300 |
_a334 صفحة ؛ _c24 سم |
||
| 336 |
_2rdacontent _aنص _btxt |
||
| 337 |
_2rdamedia _aبدون وسيط _bn |
||
| 338 |
_2rdacarrier _aمجلد _bnc |
||
| 590 | _aBilal | ||
| 650 | 7 |
_aالأدب _xتاريخ ونقد. _2BUEsh _915991 |
|
| 650 | 7 |
_aالقصة القصيرة _xتاريخ ونقد. _2BUEsh _926660 |
|
| 653 |
_bHHUUEENN _cJuly2019 |
||
| 655 | _vReading book | ||
| 942 |
_2ddc _cBB |
||